00495nam a2200193 a 4500001001300000003000900013005001700022008004100039020001000080082001600090100002500106245003700131260002800168300000900196500003500205505002100240650001500261700002500276nice12345678IN_TiNIC20260116011258.0050524s1966 lona grp 000 0 eng  ac3.500a261.72bNEW aNewbigin, J E Leslie aHonest Religion for Secular Man. aLondonbSCM Pressc1966 a159p aincludes index and biblioraphy2 aIndex of Subject aSecularism1 aNewbigin, J E Leslie